[Event "GER-ch Youth U10 2020"]
[Site "Willingen"]
[Date "2020.10.27"]
[Round "1.23"]
[White "Hellenbroich, Hanno"]
[Black "Noennig, Jakob"]
[Result "1/2-1/2"]
[WhiteElo "1291"]
[BlackElo "1442"]
[Annotator "NA RC"]
[PlyCount "78"]
[EventDate "2020.10.27"]
[EventType "swiss"]
[EventRounds "7"]
[EventCountry "GER"]
[SourceTitle "playchess.com"]
[Source "ChessBase"]
[SourceQuality "1"]
[TimeControl "40/4500+30:900+30"]

1. e4 {[%emt 0:00:00]} e5 {[%emt 0:00:00]} 2. Nf3 {[%emt 0:00:00]} Nc6 {[%emt 0:00:00]} 3. Bc4 {[%emt 0:00:03]} Bc5 {[%emt 0:00:00]} 4. c3 {[%emt 0:00:14]} Nf6 {[%emt 0:00:00]} 5. d3 {[%emt 0:00:17]} d6 {[%emt 0:00:07]} 6. O-O {[%emt 0:00:16]} Bg4 {[%emt 0:01:17]} 7. Nbd2 {[%emt 0:01:11]} O-O {[%emt 0:00:40]} 8. Re1 {[%emt 0:00:17]} h6 {[%emt 0:01:07]} 9. Nf1 {[%emt 0:00:16]} Ne7 {[%emt 0:03:52]} 10. Ng3 {[%emt 0:02:07]} Qd7 {[%emt 0:05:25]} 11. d4 {[%emt 0:01:05]} exd4 {[%emt 0:02:17]} 12. cxd4 {[%emt 0:00:19]} Bxf3 {[%emt 0:00:19]} 13. gxf3 {[%emt 0:01:23]} Bb4 {[%emt 0:00:49]} 14. Re2 {[%emt 0:00:16]} b5 {[%emt 0:01:54]} 15. Bd3 {[%emt 0:00:43]} Rad8 {[%emt 0:02:08]} 16. Be3 {[%emt 0:02:29]} c6 {[%emt 0:04:33]} 17. Qc1 {[%emt 0:02:13]} Ne8 {[%emt 0:03:09]} 18. Nf5 {[%emt 0:05:25]} Nxf5 {[%emt 0:01:25]} 19. exf5 {[%emt 0:00:34]} f6 {[%emt 0:01:23]} 20. a3 {[%emt 0:01:05]} Ba5 {[%emt 0:00:42]} 21. b4 {[%emt 0:00:17]} Bc7 {[%emt 0:01:17]} 22. Re1 {[%emt 0:00:42]} Qf7 {[%emt 0:02:32]} 23. Bf4 {[%emt 0:01:46]} d5 {[%emt 0:04:09]} 24. Kh1 {[%emt 0:00:29]} Qh5 {[%emt 0:04:09]} 25. Be2 {[%emt 0:01:30]} Bxf4 {[%emt 0:01:36]} 26. Qxf4 {[%emt 0:00:08]} Rc8 {[%emt 0:01:22]} 27. Rg1 {[%emt 0:00:05]} Rf7 {[%emt 0:02:08]} 28. Rae1 {[%emt 0:01:46]} Re7 {[%emt 0:01:45]} 29. Bd3 {[%emt 0:06:00]} Rxe1 {[%emt 0:01:47]} 30. Rxe1 {[%emt 0:00:26]} Qf7 {[%emt 0:02:38]} 31. Rg1 {[%emt 0:00:42]} Kh8 {[%emt 0:02:36]} 32. Qe3 {[%emt 0:02:23]} Nc7 {[%emt 0:01:42]} 33. Rc1 {[%emt 0:02:00]} Qd7 {[%emt 0:01:33]} 34. Bb1 {[%emt 0:01:03]} a6 {[%emt 0:02:19]} 35. Qc3 {[%emt 0:00:24]} Ne8 {[%emt 0:01:35]} 36. Qe3 {[%emt 0:00:12]} Nc7 {[%emt 0:01:42]} 37. Qc3 {[%emt 0:00:14]} Ne8 {[%emt 0:00:38]} 38. Qe3 {[%emt 0:00:07]} Nc7 {[%emt 0:00:21]} 39. Qc3 Qd8 1/2-1/2

[Event "GER-ch Youth U10 2020"]
[Site "Willingen"]
[Date "2020.10.27"]
[Round "1.24"]
[White "Pimenov, Danil"]
[Black "Allen, Phillipp"]
[Result "1-0"]
[WhiteElo "1235"]
[BlackElo "1250"]
[Annotator "NA RC"]
[PlyCount "113"]
[EventDate "2020.10.27"]
[EventType "swiss"]
[EventRounds "7"]
[EventCountry "GER"]
[SourceTitle "playchess.com"]
[Source "ChessBase"]
[SourceQuality "1"]
[TimeControl "40/4500+30:900+30"]

1. e4 {[%emt 0:00:00]} c5 {[%emt 0:00:00]} 2. Nf3 {[%emt 0:00:00]} a6 {[%emt 0:00:00]} 3. d4 {[%emt 0:00:00]} cxd4 {[%emt 0:00:02]} 4. Nxd4 {[%emt 0:00:02]} e5 {[%emt 0:00:07]} 5. Nb3 {[%emt 0:00:18]} d6 {[%emt 0:00:06]} 6. Nc3 {[%emt 0:00:25]} Nf6 {[%emt 0:00:31]} 7. Be3 {[%emt 0:00:16]} Be7 {[%emt 0:00:19]} 8. Be2 {[%emt 0:00:22]} Nbd7 {[%emt 0:00:31]} 9. Qd2 {[%emt 0:00:21]} Qc7 {[%emt 0:00:12]} 10. f3 {[%emt 0:00:20]} b6 {[%emt 0:00:23]} 11. O-O-O {[%emt 0:00:16]} Bb7 {[%emt 0:00:16]} 12. g4 {[%emt 0:00:57]} h6 {[%emt 0:00:15]} 13. h4 {[%emt 0:00:34]} b5 {[%emt 0:01:33]} 14. a3 {[%emt 0:00:51]} Rc8 15. g5 {[%emt 0:01:03]} hxg5 {[%emt 0:01:58]} 16. hxg5 {[%emt 0:00:13]} Nh5 {[%emt 0:01:06]} 17. f4 {[%emt 0:00:24]} exf4 {[%emt 0:01:13]} 18. Bxf4 {[%emt 0:00:16]} g6 {[%emt 0:02:23]} 19. Bxh5 {[%emt 0:02:23]} gxh5 {[%emt 0:02:32]} 20. Bxd6 {[%emt 0:00:42]} Qxd6 {[%emt 0:02:47]} 21. Qxd6 {[%emt 0:00:23]} Bxd6 {[%emt 0:00:26]} 22. Rxd6 {[%emt 0:00:08]} Ke7 {[%emt 0:00:17]} 23. Rhd1 {[%emt 0:00:26]} Rc7 {[%emt 0:01:58]} 24. Na5 {[%emt 0:01:56]} h4 {[%emt 0:04:31]} 25. Nxb7 h3 {[%emt 0:00:51]} 26. Na5 {[%emt 0:00:54]} h2 {[%emt 0:00:23]} 27. Rh6 {[%emt 0:00:10]} Rxh6 {[%emt 0:00:38]} 28. gxh6 {[%emt 0:00:16]} Nf6 {[%emt 0:01:50]} 29. Rh1 {[%emt 0:00:16]} Rc8 {[%emt 0:01:54]} 30. Nd5+ {[%emt 0:00:26]} Nxd5 {[%emt 0:00:35]} 31. exd5 {[%emt 0:00:18]} Kd6 {[%emt 0:01:03]} 32. Rxh2 {[%emt 0:00:58]} Kxd5 {[%emt 0:00:14]} 33. Nb7 {[%emt 0:00:37]} f5 {[%emt 0:01:24]} 34. h7 {[%emt 0:01:07]} Rh8 {[%emt 0:00:20]} 35. Nd8 {[%emt 0:00:20]} Ke4 {[%emt 0:01:44]} 36. Nf7 {[%emt 0:00:09]} Rxh7 {[%emt 0:00:10]} 37. Rxh7 {[%emt 0:00:23]} f4 {[%emt 0:00:22]} 38. Kd2 {[%emt 0:00:16]} f3 {[%emt 0:00:13]} 39. Ng5+ {[%emt 0:00:07]} Kf4 {[%emt 0:00:11]} 40. Nxf3 {[%emt 0:00:10]} Kxf3 {[%emt 0:00:09]} 41. b4 {[%emt 0:15:19]} Ke4 {[%emt 0:15:17]} 42. Rh5 {[%emt 0:00:23]} Kd4 {[%emt 0:00:20]} 43. Rh4+ {[%emt 0:00:34]} Kd5 {[%emt 0:00:06]} 44. Ke3 {[%emt 0:00:11]} a5 {[%emt 0:00:29]} 45. Rd4+ {[%emt 0:00:20]} Kc6 {[%emt 0:00:08]} 46. Ke4 {[%emt 0:00:16]} axb4 {[%emt 0:00:31]} 47. axb4 {[%emt 0:00:10]} Kc7 {[%emt 0:00:08]} 48. Ke5 {[%emt 0:00:39]} Kc6 {[%emt 0:00:13]} 49. Rd6+ {[%emt 0:00:12]} Kc7 {[%emt 0:00:09]} 50. Kd5 {[%emt 0:00:16]} Kb7 {[%emt 0:00:11]} 51. Rc6 {[%emt 0:00:14]} Kb8 {[%emt 0:00:10]} 52. Kd6 {[%emt 0:00:16]} Kb7 {[%emt 0:00:07]} 53. Kd7 {[%emt 0:00:23]} Kb8 {[%emt 0:00:25]} 54. Rc7 {[%emt 0:00:20]} Ka8 {[%emt 0:00:07]} 55. Kc6 {[%emt 0:00:08]} Kb8 {[%emt 0:00:05]} 56. Kb6 {[%emt 0:00:09]} Ka8 {[%emt 0:00:11]} 57. Rc8# 1-0

[Event "GER-ch Youth U10 2020"]
[Site "Willingen"]
[Date "2020.10.27"]
[Round "1.25"]
[White "Peters, Lasse"]
[Black "Blumenthal Tuset, Sebastian"]
[Result "0-1"]
[WhiteElo "1223"]
[BlackElo "1453"]
[Annotator "NA RC"]
[PlyCount "168"]
[EventDate "2020.10.27"]
[EventType "swiss"]
[EventRounds "7"]
[EventCountry "GER"]
[SourceTitle "playchess.com"]
[Source "ChessBase"]
[SourceQuality "1"]
[TimeControl "40/4500+30:900+30"]

1. e4 {[%emt 0:00:00]} d5 {[%emt 0:00:00]} 2. exd5 {[%emt 0:00:03]} Qxd5 {[%emt 0:00:08]} 3. Nc3 {[%emt 0:00:23]} Qd6 {[%emt 0:00:00]} 4. Nf3 {[%emt 0:00:45]} Bg4 {[%emt 0:00:07]} 5. Bc4 {[%emt 0:00:51]} e6 {[%emt 0:00:32]} 6. d3 {[%emt 0:00:35]} Nf6 {[%emt 0:00:43]} 7. Bg5 {[%emt 0:00:18]} Nbd7 {[%emt 0:00:56]} 8. h3 {[%emt 0:00:21]} Bh5 {[%emt 0:00:17]} 9. Qd2 {[%emt 0:00:46]} Bxf3 {[%emt 0:06:37]} 10. gxf3 {[%emt 0:00:11]} c6 {[%emt 0:01:14]} 11. O-O-O {[%emt 0:02:08]} O-O-O {[%emt 0:00:39]} 12. Ne4 {[%emt 0:00:33]} Nxe4 {[%emt 0:02:19]} 13. fxe4 {[%emt 0:00:47]} Be7 {[%emt 0:01:29]} 14. Bxe7 {[%emt 0:01:28]} Qxe7 {[%emt 0:00:26]} 15. f4 {[%emt 0:01:26]} e5 {[%emt 0:05:26]} 16. Rhg1 {[%emt 0:01:06]} g6 {[%emt 0:02:43]} 17. c3 {[%emt 0:01:17]} Nc5 {[%emt 0:05:31]} 18. Qf2 {[%emt 0:03:23]} b5 {[%emt 0:01:00]} 19. d4 {[%emt 0:01:38]} Nxe4 {[%emt 0:00:52]} 20. Qe3 {[%emt 0:01:38]} exf4 {[%emt 0:02:15]} 21. Qxf4 {[%emt 0:04:22]} bxc4 {[%emt 0:00:53]} 22. Rge1 {[%emt 0:02:15]} f5 {[%emt 0:00:25]} 23. Re3 {[%emt 0:01:49]} Qd6 {[%emt 0:00:49]} 24. Qf3 {[%emt 0:01:20]} Rhe8 {[%emt 0:03:49]} 25. Kc2 {[%emt 0:01:17]} Ng5 {[%emt 0:03:30]} 26. Qf2 {[%emt 0:01:59]} Rxe3 {[%emt 0:01:28]} 27. Qxe3 {[%emt 0:00:43]} Qf6 {[%emt 0:01:28]} 28. h4 {[%emt 0:01:42]} Nf7 {[%emt 0:01:32]} 29. Qe2 {[%emt 0:00:27]} Nd6 {[%emt 0:01:39]} 30. d5 {[%emt 0:02:23]} Re8 {[%emt 0:01:37]} 31. Qf2 {[%emt 0:01:26]} cxd5 {[%emt 0:01:37]} 32. Qc5+ {[%emt 0:01:15]} Kd8 {[%emt 0:03:31]} 33. Qa5+ {[%emt 0:01:32]} Ke7 {[%emt 0:01:03]} 34. Qxa7+ {[%emt 0:01:09]} Kf8 {[%emt 0:00:32]} 35. Qxh7 {[%emt 0:01:30]} Qg7 {[%emt 0:00:45]} 36. Qxg7+ {[%emt 0:01:46]} Kxg7 {[%emt 0:00:02]} 37. Rxd5 {[%emt 0:00:48]} Re6 {[%emt 0:00:44]} 38. a4 {[%emt 0:01:07]} f4 {[%emt 0:01:42]} 39. a5 {[%emt 0:00:34]} f3 {[%emt 0:00:26]} 40. Rd2 {[%emt 0:00:19]} Re2 {[%emt 0:00:27]} 41. Rxe2 {[%emt 0:15:07]} fxe2 {[%emt 0:15:09]} 42. Kd2 {[%emt 0:00:22]} Nc8 {[%emt 0:00:12]} 43. Kxe2 {[%emt 0:00:12]} Kf6 {[%emt 0:00:11]} 44. Kf3 {[%emt 0:00:58]} Kf5 {[%emt 0:00:32]} 45. a6 {[%emt 0:00:27]} Na7 {[%emt 0:02:33]} 46. Kg3 {[%emt 0:02:04]} Nc6 {[%emt 0:01:45]} 47. Kf3 {[%emt 0:02:19]} Ne5+ {[%emt 0:00:49]} 48. Kg3 {[%emt 0:00:32]} Nc6 {[%emt 0:00:46]} 49. Kf3 {[%emt 0:02:00]} Na7 {[%emt 0:03:00]} 50. Ke3 {[%emt 0:01:10]} Kg4 {[%emt 0:00:42]} 51. Kd4 {[%emt 0:00:24]} Kxh4 {[%emt 0:00:16]} 52. Kc5 {[%emt 0:00:31]} g5 {[%emt 0:00:11]} 53. Kb6 {[%emt 0:00:53]} g4 {[%emt 0:00:32]} 54. Kxa7 {[%emt 0:00:16]} g3 {[%emt 0:00:07]} 55. Kb7 {[%emt 0:00:28]} g2 {[%emt 0:00:10]} 56. a7 {[%emt 0:00:12]} g1=Q 57. a8=Q Qg2+ {[%emt 0:00:00]} 58. Kb8 {[%emt 0:01:22]} Qxb2+ {[%emt 0:00:00]} 59. Ka7 {[%emt 0:01:19]} Qxc3 {[%emt 0:00:20]} 60. Qd8+ {[%emt 0:00:46]} Kg3 {[%emt 0:00:29]} 61. Qd6+ {[%emt 0:01:37]} Kf2 {[%emt 0:00:38]} 62. Qc5+ {[%emt 0:00:33]} Ke2 {[%emt 0:00:31]} 63. Qh5+ {[%emt 0:00:53]} Kd2 {[%emt 0:00:20]} 64. Qh2+ {[%emt 0:00:17]} Kc1 {[%emt 0:00:25]} 65. Qg1+ {[%emt 0:00:31]} Kb2 {[%emt 0:00:17]} 66. Qf2+ {[%emt 0:00:47]} Kb3 {[%emt 0:00:23]} 67. Qb6+ {[%emt 0:00:25]} Qb4 {[%emt 0:00:27]} 68. Qe3+ {[%emt 0:00:26]} Ka4 {[%emt 0:00:31]} 69. Qe8+ {[%emt 0:00:28]} Qb5 {[%emt 0:00:16]} 70. Qe1 {[%emt 0:00:52]} Qa5+ {[%emt 0:00:19]} 71. Qxa5+ {[%emt 0:01:16]} Kxa5 {[%emt 0:00:16]} 72. Kb7 {[%emt 0:00:11]} c3 {[%emt 0:00:07]} 73. Kc6 {[%emt 0:00:12]} c2 {[%emt 0:00:12]} 74. Kd5 {[%emt 0:00:12]} c1=Q {[%emt 0:00:14]} 75. Ke4 {[%emt 0:00:04]} Qd2 {[%emt 0:00:20]} 76. Ke5 {[%emt 0:00:24]} Kb5 {[%emt 0:00:08]} 77. Ke4 {[%emt 0:00:07]} Kc5 {[%emt 0:00:12]} 78. Ke5 {[%emt 0:00:27]} Qe3+ {[%emt 0:00:11]} 79. Kf5 {[%emt 0:00:07]} Kd6 {[%emt 0:00:13]} 80. Kf6 {[%emt 0:00:16]} Qf4+ {[%emt 0:00:12]} 81. Kg7 {[%emt 0:00:14]} Ke6 {[%emt 0:00:20]} 82. Kh7 {[%emt 0:00:18]} Qg5 {[%emt 0:00:12]} 83. Kh8 {[%emt 0:00:18]} Kf7 {[%emt 0:00:13]} 84. Kh7 {[%emt 0:00:37]} Qg7# {[%emt 0:00:14]} 0-1

[Event "GER-ch Youth U10 2020"]
[Site "Willingen"]
[Date "2020.10.27"]
[Round "1.26"]
[White "Stichter, Constantin"]
[Black "Zakharov, Alexander S."]
[Result "1-0"]
[WhiteElo "1476"]
[BlackElo "2428"]
[Annotator "TA"]
[PlyCount "75"]
[EventDate "2020.10.27"]
[EventType "swiss"]
[EventRounds "7"]
[EventCountry "GER"]
[SourceTitle "playchess.com"]
[Source "ChessBase"]
[SourceQuality "1"]

{[%evp 16,75,8,-6,18,10,16,-1,64,9,6,0,7,25,94,39,109,41,69,75,73,72,67,46,66,45,68,0,16,-10,2,6,17,7,59,-47,-53,-135,0,-31,518,499,779,777,775,773,1191,1163,1113,1044,1062,769,1138,1062,29993,29994,29997,29995,29995,29996,29996,29997]} 1. e4 c5 2. d3 d6 3. g3 g6 4. Bg2 Bg7 5. Nd2 Nf6 6. Ngf3 O-O 7. O-O Nc6 8. Re1 Qc7 9. c3 Bg4 {A05: Réti Opening: 1 Nf3 Nf6.} 10. h3 Be6 11. Nf1 {[#]} Qd7 $146 ({Black should play} 11... Rad8 $11) ({Predecessor:} 11... Rad8 12. Qe2 Ne5 13. N1h2 Qd7 14. Ng5 h6 15. Nxe6 Qxe6 16. f4 Nc6 17. Nf3 Qd7 {0-1 (62) Vigier Lopez,C (1823)-Flores Linan,J (1918) Barcelona 2012}) 12. Kh2 (12. Ng5 $1 $14) 12... d5 $11 13. e5 Ne8 $1 14. d4 c4 (14... cxd4 $11 15. Nxd4 Nxe5) 15. Bf4 (15. Ng5 $16) 15... Bf5 (15... f6 $14) 16. g4 ({Better is} 16. Ne3 $16) 16... Be4 17. N1d2 Bxf3 18. Qxf3 e6 19. g5 Nc7 20. h4 b5 21. Kg3 (21. Nf1 $14) 21... b4 22. Rh1 bxc3 23. bxc3 Rab8 24. h5 Rb2 (24... Nb5 $11) 25. Qg4 (25. h6 $14 Bh8 26. Rhb1) 25... Rfb8 $15 26. Nf3 (26. Rhc1 $15) 26... Kf8 (26... Ne7 $17 {Threatens to win with ...Qa4.} 27. Nd2 Qa4) 27. Bc1 Rb1 $2 {[%mdl 8192] [#] This costs Black the game.} (27... Rc2 $15 28. h6 Bh8) 28. Ba3+ $18 Ke8 (28... R1b4 $142 29. Bxb4+ Nxb4 30. cxb4 Rxb4 31. hxg6 hxg6) 29. Raxb1 Rxb1 30. Rxb1 Bf8 31. Bxf8 Kxf8 32. hxg6 hxg6 33. Nh4 Qc8 34. Qf3 {Black must now prevent Nxg6+.} Kg7 35. Qf6+ {White mates.} Kg8 {[#]} 36. Nf5 $1 exf5 37. Rh1 {[%csl Gf6][%cal Rh1h8]} f4+ 38. Kf3 {Av CentiPawn Loss W=-35/B=-116. Weighted=-49/-85} 1-0

[Event "GER-ch Youth U10 2020"]
[Site "Willingen"]
[Date "2020.10.27"]
[Round "1.27"]
[White "Ehrath, Hendrik"]
[Black "Bangert, Jonas"]
[Result "0-1"]
[WhiteElo "1193"]
[BlackElo "1549"]
[Annotator "NA RC"]
[PlyCount "72"]
[EventDate "2020.10.27"]
[EventType "swiss"]
[EventRounds "7"]
[EventCountry "GER"]
[SourceTitle "playchess.com"]
[Source "ChessBase"]
[SourceQuality "1"]
[TimeControl "40/4500+30:900+30"]

1. e4 {[%emt 0:00:00]} c6 {[%emt 0:00:00]} 2. Nc3 {[%emt 0:00:00]} d5 {[%emt 0:00:00]} 3. Nf3 {[%emt 0:00:00]} dxe4 {[%emt 0:00:00]} 4. Nxe4 {[%emt 0:00:10]} Nf6 {[%emt 0:00:00]} 5. Bc4 Nxe4 6. Qe2 {[%emt 0:02:44]} Nf6 {[%emt 0:00:11]} 7. Ng5 {[%emt 0:00:10]} e6 {[%emt 0:00:25]} 8. d3 h6 9. Nf3 {[%emt 0:01:30]} Be7 {[%emt 0:01:01]} 10. Bf4 {[%emt 0:00:10]} Nbd7 {[%emt 0:00:51]} 11. O-O {[%emt 0:00:31]} b5 {[%emt 0:00:41]} 12. Bb3 {[%emt 0:00:09]} Nb6 {[%emt 0:00:28]} 13. Ne5 {[%emt 0:02:11]} Bd7 {[%emt 0:00:52]} 14. Qf3 {[%emt 0:00:46]} Qc8 {[%emt 0:00:38]} 15. Qg3 Nh5 16. Qf3 Nxf4 17. Qxf4 {[%emt 0:04:44]} Bf6 {[%emt 0:01:32]} 18. Ng4 {[%emt 0:00:44]} Qd8 {[%emt 0:00:43]} 19. Nxf6+ {[%emt 0:00:54]} Qxf6 {[%emt 0:00:11]} 20. Qg3 {[%emt 0:00:53]} O-O {[%emt 0:02:12]} 21. Qc7 {[%emt 0:01:31]} Qxb2 {[%emt 0:01:18]} 22. Rab1 Qf6 23. Qg3 {[%emt 0:01:40]} Rac8 {[%emt 0:02:33]} 24. c4 {[%emt 0:01:04]} c5 {[%emt 0:02:05]} 25. cxb5 Bxb5 26. Rfc1 Bxd3 27. Qxd3 {[%emt 0:04:00]} Rfd8 {[%emt 0:01:41]} 28. Qg3 {[%emt 0:00:25]} Rd7 {[%emt 0:05:23]} 29. Rd1 {[%emt 0:00:37]} Rxd1+ {[%emt 0:00:25]} 30. Rxd1 {[%emt 0:00:12]} c4 {[%emt 0:00:36]} 31. Bc2 Qb2 32. Be4 {[%emt 0:01:54]} c3 {[%emt 0:01:24]} 33. Rb1 {[%emt 0:00:23]} c2 {[%emt 0:02:50]} 34. Qb3 {[%emt 0:01:12]} cxb1=Q+ {[%emt 0:00:56]} 35. Bxb1 {[%emt 0:00:16]} Rc1+ {[%emt 0:00:29]} 36. Qd1 {[%emt 0:00:08]} Rxd1# {[%emt 0:00:07]} 0-1

[Event "GER-ch Youth U10 2020"]
[Site "Willingen"]
[Date "2020.10.27"]
[Round "1.28"]
[White "Radeke, Timothy"]
[Black "Agirretxe San Sebastian, Jesus M"]
[Result "1-0"]
[WhiteElo "1143"]
[BlackElo "2117"]
[Annotator "TA"]
[PlyCount "91"]
[EventDate "2020.10.27"]
[EventType "swiss"]
[EventRounds "7"]
[EventCountry "GER"]
[SourceTitle "playchess.com"]
[Source "ChessBase"]
[SourceQuality "1"]

{[%evp 11,91,14,15,-5,-4,-6,-2,0,0,0,58,5,37,24,61,65,68,66,72,34,41,35,43,-38,-39,-25,70,70,92,0,0,0,14,-29,-31,-60,-60,-57,-59,-62,-63,-82,-63,-90,-86,-98,-90,-145,-154,-160,-135,-143,0,-62,25,25,25,25,34,29,36,0,134,151,151,0,0,0,0,0,1551,0,29984,29985,29985,29986,29988,29989,29989,29990,29990,29991]} 1. d4 Nf6 2. c4 e6 3. Nf3 b6 4. Nc3 Bb4 5. Bg5 Bb7 6. e3 O-O 7. a3 {E12: Queen's Indian: Unusual White 4th moves, 4 a3, 4 Nc3 Bb7 5 a3 and 4 Nc3 Bb7 .} Bxc3+ 8. bxc3 d6 9. Bd3 {The position is equal.} Nbd7 10. O-O c5 (10... h6 $11 11. Bh4 g5) 11. e4 (11. Nd2 $14) 11... Qc7 12. d5 exd5 13. cxd5 Ng4 14. c4 Nge5 15. Nh4 Nxd3 16. Qxd3 Ne5 17. Qg3 (17. Qb3 $14) 17... f6 $15 ({Wrong is} 17... Nxc4 $2 18. Bf6 $18) 18. Bf4 Kh8 (18... Nxc4 $11 19. Nf5 Ne5) 19. Bxe5 $14 fxe5 20. Qh3 (20. f4 $1 $16) 20... Bc8 $36 {[%mdl 2048] Black is pushing.} 21. Qe3 Qf7 22. Rac1 Qf4 23. Nf3 Qxe3 24. fxe3 Bd7 25. Ng5 Kg8 26. Rf2 Rf6 27. Rcf1 Raf8 28. Rxf6 Rxf6 29. Rxf6 ({Better is} 29. Nf3) 29... gxf6 $17 {[%mdl 4096] Endgame KB-KN} 30. Nf3 Ba4 31. Kf2 Bd7 (31... Bc2 $17 32. Nd2 a6) 32. Nh4 (32. Kg1 $1 $11) 32... Kf8 ({Black should play} 32... a6 $1 $15) 33. Nf5 $11 Bxf5 $1 34. exf5 {KP-KP} a6 35. a4 $1 Ke7 36. g4 h6 (36... h5 $1 $11) 37. h4 $16 Kf7 38. e4 $2 (38. Ke2 $16 {aiming for a5!} h5 39. g5 (39. gxh5 Kg7 $11)) 38... Kg7 39. Kf3 Kf7 40. h5 {And now a5! would win.} Ke7 $2 {[%mdl 8192] [#]} (40... a5 $11) 41. Ke3 $2 (41. a5 $1 $18 {[%cal Ra5b6][%mdl 512]} bxa5 42. Ke3) 41... b5 $2 {[%mdl 8192]} (41... a5 $11) 42. cxb5 {White mates.} axb5 43. axb5 Kd7 44. Kd3 Kc7 45. Kc4 Kb6 {[#]} 46. g5 $1 {[%mdl 576] Promotion. What a bad dream for Black. Av CentiPawn Loss W=-44/B=-69. Weighted=-38/-67} 1-0

[Event "GER-ch Youth U10 2020"]
[Site "Willingen"]
[Date "2020.10.27"]
[Round "1.29"]
[White "Kutz, Paul Matti"]
[Black "Thuemler, Floris"]
[Result "0-1"]
[WhiteElo "1242"]
[BlackElo "1295"]
[Annotator "NA RC"]
[PlyCount "62"]
[EventDate "2020.10.27"]
[EventType "swiss"]
[EventRounds "7"]
[EventCountry "GER"]
[SourceTitle "playchess.com"]
[Source "ChessBase"]
[SourceQuality "1"]
[TimeControl "40/4500+30:900+30"]

1. e4 {[%emt 0:00:00]} d6 {[%emt 0:00:00]} 2. Nf3 {[%emt 0:00:54]} Nf6 {[%emt 0:01:49]} 3. d3 {[%emt 0:01:59]} g6 {[%emt 0:01:38]} 4. c3 {[%emt 0:00:09]} Bg7 {[%emt 0:01:28]} 5. Be2 {[%emt 0:00:28]} O-O {[%emt 0:01:51]} 6. O-O {[%emt 0:00:13]} Nbd7 {[%emt 0:03:54]} 7. Bf4 {[%emt 0:01:26]} Nc5 {[%emt 0:04:35]} 8. e5 {[%emt 0:03:22]} Nd5 {[%emt 0:01:56]} 9. Bg3 {[%emt 0:00:54]} Bf5 {[%emt 0:04:56]} 10. d4 {[%emt 0:01:51]} Ne4 {[%emt 0:02:55]} 11. exd6 {[%emt 0:01:56]} cxd6 {[%emt 0:03:11]} 12. Bd3 {[%emt 0:00:31]} Qb6 {[%emt 0:02:37]} 13. Bxe4 {[%emt 0:00:49]} Bxe4 {[%emt 0:01:21]} 14. Qe1 {[%emt 0:00:17]} Bxf3 {[%emt 0:00:54]} 15. gxf3 {[%emt 0:01:00]} Qxb2 {[%emt 0:01:28]} 16. Qe4 {[%emt 0:06:47]} Nf6 {[%emt 0:01:30]} 17. Qxe7 {[%emt 0:00:57]} Qxa1 {[%emt 0:01:42]} 18. Qxb7 {[%emt 0:01:17]} Rab8 {[%emt 0:02:24]} 19. Qxa7 {[%emt 0:04:47]} Rxb1 {[%emt 0:01:46]} 20. Rxb1 {[%emt 0:00:08]} Qxb1+ {[%emt 0:00:27]} 21. Kg2 {[%emt 0:00:22]} Qb8 {[%emt 0:01:46]} 22. Qa3 {[%emt 0:03:41]} Qa8 {[%emt 0:01:13]} 23. Qxd6 {[%emt 0:03:34]} Qxa2 {[%emt 0:00:48]} 24. d5 {[%emt 0:00:55]} Nxd5 {[%emt 0:01:36]} 25. Be5 {[%emt 0:03:27]} Bxe5 {[%emt 0:01:11]} 26. Qxe5 {[%emt 0:00:03]} Qc4 {[%emt 0:00:22]} 27. f4 {[%emt 0:00:28]} Nxf4+ {[%emt 0:00:49]} 28. Kg1 {[%emt 0:01:37]} Ne2+ {[%emt 0:00:11]} 29. Kg2 {[%emt 0:00:25]} Nxc3 {[%emt 0:01:53]} 30. f4 {[%emt 0:00:15]} Qe4+ {[%emt 0:00:31]} 31. Qxe4 {[%emt 0:00:39]} Nxe4 {[%emt 0:00:08]} 0-1

[Event "GER-ch Youth U10 2020"]
[Site "Willingen"]
[Date "2020.10.28"]
[Round "2.1"]
[White "Besou, Hussain"]
[Black "Braun, Julian"]
[Result "1-0"]
[WhiteElo "1825"]
[BlackElo "1441"]
[Annotator "NA RC"]
[PlyCount "57"]
[EventDate "2020.10.27"]
[EventType "swiss"]
[EventRounds "7"]
[EventCountry "GER"]
[SourceTitle "playchess.com"]
[Source "ChessBase"]
[SourceQuality "1"]
[TimeControl "40/4500+30:900+30"]

{[%evp 16,45,33,20,22,12,19,9,17,8,42,-32,-23,-14,32767,32767,-8,-18,32767,-48,79,40,57,52,127,125,127,32767,66,10,17,3]} 1. e4 {[%emt 0:00:00]} e5 {[%emt 0:00:00]} 2. Nf3 {[%emt 0:00:05]} Nc6 {[%emt 0:00:00]} 3. Bb5 {[%emt 0:00:07]} a6 {[%emt 0:00:00]} 4. Ba4 {[%emt 0:00:05]} Nf6 {[%emt 0:00:01]} 5. O-O {[%emt 0:00:15]} b5 {[%emt 0:00:13]} 6. Bb3 {[%emt 0:00:06]} Be7 {[%emt 0:00:08]} 7. d3 {[%emt 0:00:05]} O-O {[%emt 0:00:12]} 8. c3 {[%emt 0:00:04]} d6 {[%emt 0:00:27]} 9. h3 {[%emt 0:00:06] C84: Closed Ruy Lopez: Unusual White 6th moves.} Nb8 {[%emt 0:00:41]} 10. d4 {[%emt 0:00:24]} Nbd7 {[%emt 0:00:21]} 11. Nbd2 {[%emt 0:00:33]} Bb7 {[%emt 0:00:34]} 12. Re1 {[%emt 0:00:06] [#]} h6 $146 {[%emt 0:02:26]} ({Predecessor:} 12... c5 13. d5 c4 14. Bc2 Nc5 15. Nf1 Nfd7 16. Ng3 g6 17. Bh6 Re8 18. Qd2 Nb6 {0-1 (76) Espinoza,F (2159)-Rocha,M (2134) Managua 2016}) 13. d5 {[%emt 0:03:17]} ({Better is} 13. Bc2 $14) 13... c6 {[%emt 0:05:33]} 14. dxc6 {[%emt 0:03:15]} Bxc6 {[%emt 0:03:27]} 15. Bc2 {[%emt 0:00:05]} Nc5 {[%emt 0:01:08]} 16. b4 {[%emt 0:01:06]} Ne6 {[%emt 0:01:32]} 17. Nf1 {[%emt 0:00:32]} Nf4 {[%emt 0:05:20]} (17... Qc7 $15 {keeps the upper hand.}) 18. Bxf4 $1 {[%emt 0:02:27]} exf4 {[%emt 0:00:02]} 19. Nd4 {[%emt 0:00:08]} Qd7 {[%emt 0:05:23]} (19... Qc7 $14) 20. Qd2 {[%emt 0:00:44]} d5 {[%emt 0:01:49]} 21. Qxf4 {[%emt 0:10:39]} dxe4 {[%emt 0:13:32]} 22. Rad1 {[%emt 0:00:40]} (22. Nf5 $16) 22... Bd6 {[%emt 0:05:42]} 23. Qf5 $11 {[%emt 0:01:31]} Qxf5 {[%emt 0:02:46]} 24. Nxf5 {[%emt 0:00:06]} Be5 {[%emt 0:00:37]} 25. Ne7+ {[%emt 0:00:05]} Kh8 {[%emt 0:00:24]} 26. Nxc6 {[%emt 0:00:01]} Bxc3 {[%emt 0:00:29]} 27. Re3 {[%emt 0:00:05]} Bb2 {[%emt 0:01:17]} 28. Bxe4 {[%emt 0:00:10]} Rac8 {[%emt 0:02:32]} 29. Bf3 {[%emt 0:00:18]} 1-0